000 00578nam a2200193Ia 4500
005 20250326145548.0
008 250326s9999 xx 000 0 und d
037 _aTextbook
040 _aFMSL
_beng
_cFMSL
041 _aeng
_2eng
084 _aXM5:74 Q3.12
_qFMSL
100 _aCooper C L
_9126408
245 0 _aAdvances in mergers and acquisitions
_cCooper C L; Finkelstein S
260 _aUnited Kingdom
_bUnited Kingdom, Emerald
_c2013
365 _b8903.7000000000007
650 _aManagement
942 _cTB
_hXM5:74 Q3.12
999 _c1308010
_d1308010